| 000 | 00625cam a2200253 4500 | ||
|---|---|---|---|
| 008 | 090401t1993 xxu||||| |||| 00| 0 eng d | ||
| 020 | _a0951770098 | ||
| 035 | _a(Sirsi) u53455 | ||
| 041 | _aeng | ||
| 050 | _a690.241 | ||
| 100 | _aCunnington, Pamela | ||
| 245 | _aHow old is that church? | ||
| 250 | _a2nd ed. | ||
| 260 |
_aMarston Magna, Yeovil _bMarston House _c1993 |
||
| 300 | _a256p. : ill. ; 22cm. | ||
| 350 | _a9.95 | ||
| 650 | _aARCHITECTURE | ||
| 650 | _aCHURCH ARCHITECTURE | ||
| 650 | _aCHURCHES | ||
| 650 | _aHISTORIC BUILDINGS | ||
| 690 | _aCONSERVATION | ||
| 942 | _n0 | ||
| 948 | _c04/03/1997 | ||
| 999 |
_c93272 _d93272 |
||